• 首页
  • 本馆介绍
  • 公告通知
  • 最新文献
  • 馆藏检索
  • 电子资源
  • 读者导购
  • 参考咨询
  • 我的图书馆
  • 登录
  • 详细信息显示
  • 放入我的书架
  • 预约/预借图书
  • 作者相关作品
  • 分类相关作品
  • 丛书相关作品
  • 出版社相关作品

书目信息

  • 表格格式
  • 工作单格式
  • 卡片格式
题名:
成语故事选
    
 
作者: ;北京语言学院 著
分册:  
出版信息: 北京   外文出版社  1984
页数: 177页
开本: 19cm
丛书名:
单 册:
中图分类: H195.5
科图分类:
主题词: 汉语--对外汉语教学--课外读物
电子资源:
ISBN:
000 00599nam0 2200217 45
001 0184003216
005 20060820110209.37
010    @dCNY1.85
100    @a19950616d1984 em y0chiy0121 ea
101 0  @achi
102    @aCN@b110000
105    @ay z 000yy
200 10 @a成语故事选@Acheng yu gu shi xuan@f北京语言学院著
210    @a北京@c外文出版社@d1984
215    @a177页@d19cm
606    @a汉语@x对外汉语教学@x课外读物
690    @aH195.5@v3
711 02 @a北京语言学院@Abei jing yu yan xue yuan@4著
801  0 @aCN@bTSSF@c20060820
801  2 @aCN@bNLC@c20060811
905    @a10447@dH195.5@e190
    
    成语故事选/北京语言学院著.-北京:外文出版社,1984
    177页;19cm
    
    
    ISBN :CNY1.85
    
●
相关链接 在E读中查询图书 在五车中查询图书 在当当中查询图书 在豆瓣中查询图书


正题名:成语故事选     索取号:H195.5/190         预约/预借

序号 登录号 条形码 馆藏地/架位号 状态 备注
1 0455513   204555132   密集书库/ [索取号:H195.5/190] 在馆    
2 0467157   204671578   密集书库/ [索取号:H195.5/190] 在馆    
欢迎您!
大连网信软件有限公司© 版权所有